000 00764nam a2200217Ii 4500
003 JO-AjNU
008 230605s9999||||xx |||||||||||||| ||und||
017 _a1990/4/240
040 _aJO-AjNU
_bara
_erda
_cJO-AjNU
041 _aara
050 1 4 _aKMM428.6.N3464.1990
100 3 _aصالح، نائل عبد الرحمن,
_eauthor
_941582
245 0 0 _aالجرائم الأقتصادية في القانون الأردني
250 _aط1
264 3 1 _aعمان : دار الفكر ، 1990
300 _a331ص
336 _atext
_btxt
_2rdacontent
337 _aunmediated
_bn
_2rdamedia
338 _avolume
_bnc
_2rdacarrier
650 4 _aالقانون الاقتصادي -- الجرائم الأقتصادية -- القانون الأردني
_941583
999 _aA17739
_c21307
_d21307